[Event "BCF-chT3 1415 (4NCL)"]
[Site "England"]
[Date "2015.03.21"]
[Round "7.99"]
[White "Goodhead, James W"]
[Black "Pafura, Godfrey"]
[Result "1-0"]
[WhiteElo "1914"]
[BlackElo "2075"]
[PlyCount "101"]
[EventDate "2015.03.21"]
[EventType "team-swiss"]
[EventRounds "11"]
[EventCountry "ENG"]
[SourceTitle "EXT 2016"]
[Source "ChessBase"]
[SourceDate "2015.10.08"]
[SourceVersion "1"]
[SourceVersionDate "2015.10.08"]
[SourceQuality "1"]
[WhiteTeam "e2e4.org.uk IV"]
[BlackTeam "BCM Rhinos II"]
[WhiteTeamCountry "ENG"]
[BlackTeamCountry "ENG"]

1. d4 Nf6 2. Nf3 g6 3. Nc3 Bg7 4. e4 d6 5. Be2 0-0 6. 0-0 Nbd7 7. Be3 c6 8. h3 Qc7 9. d5 a6 10. Qd2 cxd5 11. exd5 b5 12. a3 Bb7 13. Rad1 Rfc8 14. Rfe1 Nc5 15. Bxc5 dxc5 16. d6 exd6 17. Qxd6 b4 18. Na4 Qa5 19. Qb6 Qxa4 20. Qxb7 Qxc2 21. Ne5 Rf8 22. axb4 Rae8 23. Bf3 Qxb2 24. bxc5 Qc3 25. Rc1 Qd4 26. c6 Rb8 27. Qxb8 Rxb8 28. c7 Rc8 29. Nc6 Bh6 30. Nxd4 Bxc1 31. Rxc1 Ne8 32. Nb3 Kf8 33. Bc6 Rxc7 34. Bxe8 Rxc1+ 35. Nxc1 Kxe8 36. Kf1 Ke7 37. Ke2 Ke6 38. Nb3 Kd5 39. Kd3 g5 40. Nd4 Ke5 41. Nc6+ Kf4 42. Kd4 h5 43. Ne5 f6 44. g3+ Kf5 45. Nd3 Kg6 46. Ke4 a5 47. Nc5 f5+ 48. Ke5 h4 49. gxh4 g4 50. hxg4 fxg4 51. Kf4 1-0

[Event "BCF-chT3 1314 (4NCL)"]
[Site "England"]
[Date "2014.03.23"]
[Round "7.179"]
[White "Anderson, Paul W"]
[Black "Goodhead, James W"]
[Result "1/2-1/2"]
[WhiteElo "1886"]
[BlackElo "1920"]
[PlyCount "101"]
[EventDate "2013.11.16"]
[EventType "team-swiss"]
[EventRounds "11"]
[EventCountry "ENG"]
[SourceTitle "EXT 2015"]
[Source "ChessBase"]
[SourceDate "2014.11.20"]
[SourceVersion "1"]
[SourceVersionDate "2014.11.20"]
[SourceQuality "1"]
[WhiteTeam "Jorvik"]
[BlackTeam "e2e4.org.uk IV"]
[WhiteTeamCountry "ENG"]
[BlackTeamCountry "ENG"]

1. c4 c6 2. Nc3 d5 3. cxd5 cxd5 4. d4 Nf6 5. Nf3 Nc6 6. e3 e6 7. a3 Be7 8. Bd3 0-0 9. Qc2 g6 10. 0-0 b6 11. Bd2 Bb7 12. Rac1 Rc8 13. Qb1 Na5 14. Na2 Nc4 15. Bb4 Ne4 16. Bxc4 dxc4 17. Nd2 Bxb4 18. Nxe4 Be7 19. Nd2 e5 20. Nc3 exd4 21. exd4 Qxd4 22. Nde4 Rfd8 23. Rfe1 Qd7 24. Rcd1 Qc6 25. f3 a6 26. Re2 Rxd1+ 27. Qxd1 Rd8 28. Rd2 Rxd2 29. Qxd2 f5 30. Ng3 Qd6 31. Qc2 Qd4+ 32. Qf2 Qe5 33. Qe2 Bc5+ 34. Kf1 Qd4 35. Qe6+ Kg7 36. Ke2 Qd3+ 37. Ke1 Qd4 38. Nge2 Qe3 39. Qd7+ Qe7 40. Qd2 b5 41. Qf4 Bd6 42. Qd4+ Qe5 43. Qa7 Qe7 44. Qd4+ Kg8 45. a4 Be5 46. Qd2 b4 47. Nd5 Qd6 48. Nxb4 Qxd2+ 49. Kxd2 Bxb2 50. Nc2 Kf7 51. Ne3 1/2-1/2

[Event "West Bromwich e2e4 op"]
[Site "West Bromwich"]
[Date "2014.02.23"]
[Round "5"]
[White "Healey, Michael W"]
[Black "Goodhead, James W"]
[Result "1/2-1/2"]
[WhiteElo "2135"]
[BlackElo "1914"]
[PlyCount "109"]
[EventDate "2014.02.21"]
[EventType "swiss"]
[EventRounds "5"]
[EventCountry "ENG"]
[SourceTitle "CBM 159 Extra"]
[Source "ChessBase"]
[SourceDate "2014.04.24"]
[SourceVersion "1"]
[SourceVersionDate "2014.04.24"]
[SourceQuality "1"]

1. e4 c6 2. Nc3 d5 3. Qf3 dxe4 4. Nxe4 Nd7 5. Ne2 Ngf6 6. N2c3 Nxe4 7. Nxe4 e5 8. Bc4 Nf6 9. Ng5 Be6 10. Nxe6 fxe6 11. Bxe6 Qd6 12. Qb3 Qc7 13. 0-0 Bd6 14. Qh3 Ke7 15. d4 Raf8 16. dxe5 Bxe5 17. Re1 Qd6 18. Bb3 Kd8 19. Be3 Kc7 20. Rad1 Qb4 21. a3 Qg4 22. Bc5 Re8 23. Qxg4 Nxg4 24. h3 b6 25. Bxb6+ axb6 26. hxg4 Bxb2 27. a4 Bc3 28. Rxe8 Rxe8 29. Rd3 Re1+ 30. Kh2 Be5+ 31. g3 Re2 32. Kg2 c5 33. Kf3 Re1 34. g5 Bd4 35. c3 Be5 36. Bg8 c4 37. Bxc4 Rc1 38. Bg8 Rxc3 39. Bxh7 Rxd3+ 40. Bxd3 Bd4 41. Ke2 Kd6 42. f4 Ke7 43. Kf3 Bc3 44. Bc4 Bd4 45. g4 Bc3 46. Ke3 Bb2 47. Kd2 Bd4 48. Kd3 Bb2 49. f5 Bc1 50. f6+ gxf6 51. g6 Kf8 52. Ke4 Kg7 53. Bf7 Bd2 54. Kd5 Be3 55. Kc6 1/2-1/2

[Event "West Bromwich e2e4 op"]
[Site "West Bromwich"]
[Date "2014.02.22"]
[Round "3"]
[White "Barnes, Michael"]
[Black "Goodhead, James W"]
[Result "1-0"]
[WhiteElo "2205"]
[BlackElo "1914"]
[PlyCount "49"]
[EventDate "2014.02.21"]
[EventType "swiss"]
[EventRounds "5"]
[EventCountry "ENG"]
[SourceTitle "CBM 159 Extra"]
[Source "ChessBase"]
[SourceDate "2014.04.24"]
[SourceVersion "1"]
[SourceVersionDate "2014.04.24"]
[SourceQuality "1"]

1. d4 d5 2. Nf3 Nf6 3. c4 c6 4. Nc3 dxc4 5. e4 b5 6. e5 Nd5 7. Ng5 e6 8. Qh5 g6 9. Qf3 f5 10. exf6 Qxf6 11. a4 Qxf3 12. Nxf3 Nd7 13. Be2 Nxc3 14. bxc3 Bg7 15. Ng5 Nf6 16. Bf3 Nd5 17. Ba3 a5 18. Bc5 Bf8 19. Bxf8 Kxf8 20. axb5 cxb5 21. 0-0 Ra6 22. Ne4 Kg7 23. Rfe1 Re8 24. Nc5 Ra7 25. Bxd5 1-0

[Event "Leicester Atkins Memorial"]
[Site "Leicester"]
[Date "2013.12.01"]
[Round "5"]
[White "Posazhennikov, Alex"]
[Black "Goodhead, James W"]
[Result "1-0"]
[WhiteElo "2259"]
[BlackElo "1880"]
[PlyCount "37"]
[EventDate "2013.11.29"]
[EventType "swiss"]
[EventRounds "5"]
[EventCountry "ENG"]
[SourceTitle "EXT 2023"]
[Source "ChessBase"]
[SourceDate "2022.10.05"]
[SourceVersion "1"]
[SourceVersionDate "2022.10.05"]
[SourceQuality "1"]

1. d4 d5 2. c4 c6 3. Nf3 Nf6 4. Nc3 dxc4 5. a4 Bf5 6. e3 e6 7. Bxc4 Bb4 8. 0-0 0-0 9. Qe2 Bg4 10. h3 Bh5 11. Rd1 Qe7 12. e4 Nbd7 13. e5 Nd5 14. Ne4 c5 15. Bg5 f6 16. exf6 gxf6 17. Bxd5 fxg5 18. Nexg5 Qxg5 19. Qxe6+ 1-0

[Event "Sunningdale e2e4 op U2000 07"]
[Site "Sunningdale"]
[Date "2013.07.06"]
[Round "3"]
[White "McLaren, Charlie"]
[Black "Goodhead, James W"]
[Result "0-1"]
[WhiteElo "1648"]
[BlackElo "1848"]
[PlyCount "50"]
[EventDate "2013.07.05"]
[EventType "swiss"]
[EventRounds "7"]
[EventCountry "ENG"]
[SourceTitle "EXT 2014"]
[Source "ChessBase"]
[SourceDate "2013.11.20"]
[SourceVersion "1"]
[SourceVersionDate "2013.11.20"]
[SourceQuality "1"]

1. d4 d5 2. c4 c6 3. Nc3 dxc4 4. a4 Nf6 5. Nf3 Bf5 6. e3 e6 7. Bxc4 Bb4 8. 0-0 0-0 9. Qe2 Bg6 10. Bd3 Bxd3 11. Qxd3 c5 12. Qb5 Qe7 13. dxc5 Bxc3 14. bxc3 Nc6 15. Nd4 Rac8 16. Ba3 Ne4 17. Rfc1 Rfd8 18. Rab1 e5 19. Nf5 Qf6 20. Nd6 Qxf2+ 21. Kh1 Qxe3 22. Nxc8 Nf2+ 23. Kg1 Nh3+ 24. Kh1 Qg1+ 25. Rxg1 Nf2# 0-1